00881 a2200145 4500003000500000005001700005040000900022082001500031245005100046250002500097260002500122300001000147505055200157650002600709Nust20230130133213.0 cNust a909.81,THE aThe Secrets of Other Peoples Jobs /cLong Acre aIndustial Revolution aLondonbOdhams Press a256:p aOur Ships and the Men Who Build Them (Page-4), Coal Mining and Miners To-Day (Page-24), Iron and Steel (Page-46), Workers in Iron and Steel (Page-66), Behind the Scenes in Our Aircraft (Page-80), How Tanks Are Made in Peace and War (Page-96), Glass Craftsmanship (Page-112), How The Potter Works (Page-128), Wool From Fleece to fabric (Page-142), The Story of Cotton (Page-156), The Romance of Rayon (Page-172), Power and Heat For Home and Factory (Page-184), Back to the Land (Page-202), Building Progress (Page-220), The Printed Word (Page-236). aIndustrial revplution